| 000 | 00897nam a22002657a 4500 | ||
|---|---|---|---|
| 003 | dpl | ||
| 005 | 20180823131611.0 | ||
| 008 | 180823b xxu||||| |||| 00| 0 eng d | ||
| 010 | _aB-031166 | ||
| 020 |
_c375.00 _a8170002648 |
||
| 035 | _aB-031166, B-031169 | ||
| 037 | _bCen Lib/Ret | ||
| 040 |
_aDPL _bEN _c0 |
||
| 082 |
_a023.8 _bSTA |
||
| 245 |
_aStaff development for library and information sevices / _cedited by Sanjaya Mishra [and] Sunil Kumar |
||
| 260 |
_aNew Delhi _bEss Ess Publications _c1999 |
||
| 270 |
_a4837/24, Ansari Road, Dariya Ganj _bNew Delhi _e110002 |
||
| 300 |
_av,169p. _c22cm(Hb) |
||
| 500 | _aIncludes bibliographical reference and index | ||
| 650 |
_aLibrary Science _9106682 |
||
| 650 |
_aStaff training and development-Library _93043 |
||
| 700 |
_aSanjaya Mishra _9106683 |
||
| 700 |
_aSunil Kumar _93046 |
||
| 942 |
_2ddc _cEN _h023.8 _mSTA |
||
| 999 |
_c122911 _d122911 |
||